Statistiques concernant meilleurs buteurs et meilleurs passeurs Ligue 1 2021-2022

Cliquez ici pour prendre le quiz!

Statistiques générales

  • Ce quiz a été pris 85 fois
  • Le résultat moyen est 28 sur 60

Statistiques - réponses

GoalGoal ScorerTeam% Correct
28Kylian MbappePSG
99%
17Kylian MbappePSG
99%
25Wissam Ben YedderMonaco
96%
5Wissam Ben YedderMonaco
96%
6NeymarPSG
90%
13NeymarPSG
90%
14Lionel MessiPSG
86%
10Dimitri PayetOM
82%
12Dimitri PayetOM
82%
21Moussa DembéléLyon
79%
15Jonathan DavidLosc
78%
21Martin TerrierRennes
77%
15Gaëtan LabordeRennes
71%
8Gaëtan LabordeRennes
71%
18Andy DelortNice
66%
14Mohamed BayoClermont
58%
5Mohammed BayoClermont
58%
9Amine GouiriNice
57%
10Amine GouiriNice
57%
11Habib DialloStrasbourg
57%
12Karl Toko EkambiLyon
57%
5Karl Toko EkambiLyon
57%
8Ludovic ajorqueStrasbourg
57%
12Ludovic AjorqueStrasbourg
57%
12Benjamin BourigeaudRennes
56%
11Benjamin BourigeaudRennes
56%
11Jonathan ClaussLens
53%
10Ludovic BlasNantes
53%
11Kevin GameiroStrasbourg
48%
7Angel Di MariaPSG
44%
12Randal Kolo MuaniNantes
40%
10Wahbi KhazriSaint-Etienne
39%
12Arnaud KalimuendoLens
38%
9Kevin VollandMonaco
38%
7Teji SavanierMontpellier
38%
9VollandMonaco
38%
11Franck HonoratBrest
35%
10Cengiz ünderMarseille
30%
10Elye WahiMontpellier
30%
6Mattéo GuendouziOM
30%
8Moses SimonNantes
29%
10Hamari TraoreRennes
27%
9Lucas PaquetaLyon
26%
6Lucas PaquetaLyon
26%
11Ui-Jo HwangBordeaux
26%
9Steve MouniéBrest
25%
8Lovro MajerRennes
23%
6Achraf HakimiPSG
22%
6Dennis BouangaSaint-Etienne
18%
8Caio HenriqueMonaco
16%
10Hugo EkitikeReims
16%
9GersonOM
14%
10Romain FaivreLyon
14%
5Romain FaivreLyon
14%
5TeteLyon
13%
7Yacine AdliBordeaux
10%
6Romain Del CastilloBrest
8%
5Rémi OudinBordeaux
6%
5Renato SanchesLosc
4%
6Javairo DilrosunBordeaux
1%

Distribution des résultats

Percentile par nombre de réponses

% des personnes avec chaque résultat

Votre développement - résultats

Vous n’avez pas pris ce quiz